000 01655nam a2200481 i 4500
001 15346
003 KOSZ 005
005 20200629081837.0
008 200409s1973 pl a f 000 0 pol
015 _aUWD 1973/3803
035 _a991033197109705066
035 _a(PL-WaBN)b18894161-48omnis_nlop
035 _ab18894161
035 _a(OCoLC)838999904
035 _a(PL)b0000001889416
035 _a(EXLNZ-48OMNIS_NETWORK)9910466303105606
040 _aWA N
_cWA N
_dKOSZ 005/RW
046 _k1973
080 _a544.6
080 _a(075.8)
100 1 _aLibuś, Włodzimierz
_d(1928- )
_eAutor
245 1 0 _aChemia fizyczna.
_nCz. 2,
_pElektrochemia /
_cWłodzimierz Libuś, Zofia Libuś ; Politechnika Gdańska.
246 3 0 _aElektrochemia
260 _aGdańsk :
_bWydawnictwo Uczelniane Politechniki Gdańskiej,
_c1973.
300 _a311 stron :
_bilustracje ;
_c24 cm.
336 _aTekst
_btxt
_2rdacontent
337 _aBez urządzenia pośredniczącego
_bn
_2rdamedia
338 _aWolumin
_bnc
_2rdacarrier
380 _aKsiążki
380 _aPublikacje dydaktyczne
388 _a1901-2000
388 _a1945-1989
500 _aWydanie 1972.
650 7 _aElektrochemia
_2DBN
655 7 _aPodręczniki akademickie
_2DBN
658 _aChemia
700 1 _aLibuś, Zofia
_d(1930- )
_eAutor
710 2 _aPolitechnika Gdańska
710 2 _aWydawnictwo Uczelniane Politechniki Gdańskiej
_4pbl
856 _uhttp://koha.tu.koszalin.pl/cgi-bin/koha/opac-detail.pl?biblionumber=15346
_yKatalog online BPK
942 _2UKD
_cKS
999 _c15346
_d15346